000 01195cac a22003375a 4500
005 20150813155027.0
006 a||||fr|||| 00| 0
008 090226t2002 nyuad frb 001 0 eng d
010 _a 2001018728
020 _a9780071216883
020 _a007121688X
040 _aStDuBDS
_beng
_cStDuBDS
_dEG-ScBUE
082 0 4 _a621.4021
_bÇEN
_222
100 1 _aÇengel, Yunus A.
_933311
245 1 0 _aThermodynamics :
_ban engineering approach /
_cYunus A. Çengel, Michael A. Boles.
250 _a4th ed.
260 _aNew York :
_bMcGraw-Hill Higher Education,
_cc.2002.
300 _axxx, 930 p. :
_bill. (some col.), tables,charts ;
_c27 cm.
490 0 _aMcGraw-Hill series in mechanical engineering
500 _aIndex : p.(926-930).
500 _aAppendix: p.(824-925).
504 _aIncludes bibliographic references.
590 _aMenna Elemam
650 0 _aThermodynamics
_933313
_2BUEsh.
650 0 _aHeat engineering --
_v Thermodynamics
_2BUEsh.
651 _2BUEsh
653 _cAugust2015
655 _aThermo-Fluid Mechanics (Mechanical)- year 1.
_vtext book
_xEngineering
_ySemester 2. 2008/2009
700 1 _aBoles, Michael A.
_933314
942 _cBB
_k621.4021 CEN
_2ddc
999 _c318
_d318